000
00313nam a2200133Ia 4500
005
20251222140101.0
008
251222s1900||||xx |||||||||||||| ||spa||
020
_a
84-313-08605
082
_a
112/L726
100
_a
Llano Cifuentes, Alejandro
245
0
_a
MetafĂsica y Lenguaje
264
_b
EUNSA
942
_c
LIB
999
_c
3949
_d
3949